Экспертный консенсусный документ HRS/EHRA/ECAS по катетерной и хирургической абляции фибрилляции предсердий (Запись № 4524905)

Подробности
000 -МАРКЕР
контрольное поле 01735nam0a2200313 i 4500
001 - ИДЕНТИФИКАТОР ЗАПИСИ
контрольное поле RU\NLR\bibl\2038109
005 - ИДЕНТИФИКАТОР ВЕРСИИ
контрольное поле 20260503061337.0
010 ## - МЕЖДУНАРОДНЫЙ СТАНДАРТНЫЙ НОМЕР КНИГИ (ISBN)
Номер (ISBN) 9785945151161
021 ## - НОМЕР ГОСУДАРСТВЕННОЙ РЕГИСТРАЦИИ
Код страны Российская Федерация
Номер 2013-34050
Номер Листа государственной регистраци 2331
035 ## - ДРУГИЕ СИСТЕМНЫЕ НОМЕРА
Идентификатор записи (NLR Aleph) 002025454
100 ## - ДАННЫЕ ОБЩЕЙ ОБРАБОТКИ
Данные общей обработки 20130530d2012 um y0rusy50 ca
101 1# - ЯЗЫК РЕСУРСА
Язык текста, звукозаписи и т.д. русский
Язык оригинала не определено
102 ## - СТРАНА ПУБЛИКАЦИИ ИЛИ ПРОИЗВОДСТВА
Страна публикации Российская Федерация
105 ## - ПОЛЕ КОДИРОВАННЫХ ДАННЫХ: ТЕКСТОВЫЕ МАТЕРИАЛЫ, МОНОГРАФИЧЕСКИЕ
Кодированные данные о монографическом текстовом документе a||||||||||||
200 1# - ЗАГЛАВИЕ И СВЕДЕНИЯ ОБ ОТВЕТСТВЕННОСТИ
Основное заглавие Экспертный консенсусный документ HRS/EHRA/ECAS по катетерной и хирургической абляции фибрилляции предсердий
Сведения, относящиеся к заглавию рекомендации по отбору и периоперационному ведению пациентов
-- рекомендации по технике выполнения процедуры
-- терминология, конечные точки и дизайн клинических испытаний
Первые сведения об ответственности [авт. ориг.: H. Calkins и др.
Последующие сведения об ответственности авт. пер.: Шевченко Ю.Л. и др.]
210 ## - ПУБЛИКАЦИЯ, РАСПРОСТРАНЕНИЕ И ДР.
Место издания, распространения и т.д. [Б.м.
Имя издателя, распространителя и т. д. б.и.]
Дата издания, распространения и т.д. 2012
215 ## - ФИЗИЧЕСКАЯ ХАРАКТЕРИСТИКА
Специфическое обозначение материала и объем 200 с.
Другие сведения о физической характеристике цв. ил.
Размеры 21
320 ## - ПРИМЕЧАНИЯ О НАЛИЧИИ В ДОКУМЕНТЕ БИБЛИОГРАФИИ / УКАЗАТЕЛЯ
Текст примечания Библиогр.: с. 145-200 (736 назв.)
606 1# - НАИМЕНОВАНИЕ ТЕМЫ КАК ПРЕДМЕТ
Наименование темы Фибрилляция предсердий
Тематический подзаголовок Хирургическая абляция
Системный номер авторитетной/нормативной записи 2185587
Идентификатор авторитетной/нормативной записи RU\NLR\AUTH\6601550305
606 ## - НАИМЕНОВАНИЕ ТЕМЫ КАК ПРЕДМЕТ
Наименование темы Фибрилляция предсердий
Тематический подзаголовок Хирургическое лечение
-- Применение катетерной абляции
Системный номер авторитетной/нормативной записи 2185585
Идентификатор авторитетной/нормативной записи RU\NLR\AUTH\6601550304
686 1# - ИНДЕКСЫ ДРУГИХ КЛАССИФИКАЦИЙ
Индекс Р457.365.010.9-59
702 #1 - ИМЯ ЛИЦА - ВТОРИЧНАЯ ОТВЕТСТВЕННОСТЬ
Код отношения Составитель
Начальный элемент ввода Калкинс
Часть имени, кроме начального элемента ввода Х.
Расширение инициалов личного имени Хью
Системный номер авторитетной/нормативной записи 133981
Идентификатор авторитетной/нормативной записи RU\NLR\AUTH\770134015
801 #0 - ИСТОЧНИК ЗАПИСИ
Страна Российская Федерация
Организация NLR
Дата составления 20130530
Правила каталогизации RCR
801 #1 - ИСТОЧНИК ЗАПИСИ
Страна Российская Федерация
Организация NLR
Дата составления 20130530
942 ## - ДОПОЛНИТЕЛЬНЫЕ ЭЛЕМЕНТЫ ЗАПИСИ (АБИС)
Тип экземпляра АБИС Книга
980 ## - КОЛЛЕКЦИЯ
Название коллекции НБР

Нет доступных экземпляров.